000 01103nam a2200217Ia 4500
003 Ost
005 20260416102356.0
008 260416s9999||||xx |||||||||||||| ||und||
040 _cfsecg
041 _aara
082 _a303.49
100 _aبن يحيى، نبيلة
_eمؤلف
245 0 _a مدخل في الدراسات الاستشرافية :
_bمطبوعة موجهة لطلبة الماستر الدراسات الإقليمية /
_c نبيلة بن يحيى
260 _aالجزائر
_bجامعة الجزائر3: كلية العلوم الإقتصادية، العلوم التجارية وعلوم التسيير
_c2022
300 _a112 ورقة
_bايضاحات
_c12 سم
504 _aالمراجع ص.104
520 _aماهية الدراسات الاستشرافية،أهداف الدراسات الاستشرافية،اتجاهات الاستشراف.
653 _aالاستشراف
710 _aجامعة الجزائر3: كلية العلوم الإقتصادية، العلوم التجارية وعلوم التسيير
_eناشر علمي
942 _cHANDOUT
999 _c41221
_d41221